000 00253nam a2200097Ia 4500
001 815533
005 20250826171658.0
008 250824s9999 xx 000 0 und d
245 0 _aSEVGİLERİ YOK EDEN KİM
_cÖMER BEKMEZCİ
260 _bTEBEŞİR YAYINLARI
999 _c815533
_d815533